000 00419nam a2200181Ia 4500
001 1597
005 20260306143740.0
008 260306t2005||||xx |||||||||||||| ||spa||
041 _aESP
082 _a153.15
_bE42
100 _aEllis Ormrod, Jeanne
_eAUT
245 0 _aAprendizaje Humano
260 _c2005
300 _a716 páginas :
_c19 x 25 cm.
650 _aGEN
654 _aCPS
942 _cLIB
_dJUS
_fJUS
_2ddc
_n
999 _c1597
_d1597